000 00994nmc a2200337 a 4500
003 AR-BaBNM
005 20251128210509.0
008 160020s1988 ||||||||||||||000 | spa||
020 _a84-7584-076-0
040 _cAR-BaBNM
100 1 _aGoyette, Gabriel
245 1 0 _aLa investigación-acción
_bsus funciones, sus fundamentos y su instrumentación
260 _aBarcelona
_bLaertes
_c1988
300 0 _a228 p.
_btablas
490 0 _aPedagogía
_vv. 56
504 _aContiene bibliografía
650 4 _aEPISTEMOLOGIA
650 4 _aCAMBIO SOCIAL
650 4 _aEDUCACION DE ADULTOS
650 4 _aMETODOS DE INVESTIGACION
653 0 _aINVESTIGACION ACCION
653 0 _aINVESTIGACION PARTICIPATIVA
653 0 _aTEORIAS CRITICAS
653 0 _aTEORIA DE LOS SISTEMAS
653 0 _aINVESTIGACION EDUCATIVA
700 1 _aLessard-Hérbert, Michelle
800 1 _aRodríguez, María Luisa
_edirector
800 1 _aTrilla, Jaume
_edirector
942 _cBK
998 _cRaquel
999 _c15686
_d15686